000 00700nam a2200265Ia 4500
003 OSt
005 20221006142553.0
006 a|||||r|||| 00| 0
007 ta
008 221006b |||||||| |||| 00| 0 eng d
020 _c
_2.00
024 _a6,624
037 _cTextual
040 _aEASL
_cEASL
_beng
041 _2eng
_aeng
082 _aY:5.41.N58, K0
100 _aChandrasekhar S.
245 0 _aChina's population
_b Census and vital statistics
250 _aEd 2 Rev.
260 _aHong Kong
_bHong University Press
_c1960
300 _a73p.
_ccm.
490 _v CEL
942 _hY:5.41.N58, K0
_cTEXL
_2CC
999 _c1074710
_d1074710